Quality assurance in teacher education in Europe [Directore-General for Education and Culture : European Commission : Eurydice]

Bibliographic Details
Format: Book
Language:English
PhysicalDescription:92 s. mp., tab. 27 cm
Published: Brussels Eurydice 2006
ISBN:9289486279 (brož.)
Edition:[1st ed.]
Subjects:

MARC

LEADER 00000nam a2200000 a 4500
001 vtls008844736
003 SK-MaSNL
005 20260301143343.0
008 171123s2006 be bl d 000 0 eng
020 |a 9289486279 (brož.) 
035 |a C9BCC6D2-17B5-44F0-9899-F8E88D684E01 
035 |a urn:nbn:sk:snk-amluzl 
035 |a urn:nbn:sk:snk-am00cbjj 
040 |a SNK  |b slo  |c SNK  |e AACR2 
041 0 |a eng 
043 |a e------ 
044 |a be  |c BE 
072 7 |a 371  |x Školstvo (organizácia)  |2 konspekt 
080 |a 377.8  |2 2001 
080 |a 377.4/.8  |2 2001 
080 |a 371  |2 2001 
080 |a (4)  |2 2001 
080 |a (047)  |2 2001 
245 0 0 |a Quality assurance in teacher education in Europe  |b [Directore-General for Education and Culture : European Commission : Eurydice] 
250 |a [1st ed.] 
260 |a Brussels  |b Eurydice  |c 2006 
300 |a 92 s.  |b mp., tab.  |c 27 cm 
504 |a Pozn. Skrat. Slovník. Zoz. 
650 0 7 |a vzdelávanie učiteľov  |2 SNKPH  |9 4031 
650 0 7 |a ďalšie vzdelávanie  |2 SNKPH  |9 4032 
650 0 7 |a vzdelávacie systémy  |2 SNKPH  |9 67476 
651 7 |a Európa  |2 SNKPH  |9 167569 
655 7 |a správy  |2 SNKPH  |9 70563 
919 |a 92-894-8627-9 
999 |c 773412  |d 775342 
952 |a SNK  |b SNK  |y PREZ  |7 0  |p 17A0509035  |o snkSB 72813  |i snk2006/17440  |8 1  |0 0  |1 0  |4 0  |d 2006-09-06  |f 1  |l 0  |r 2025-04-25 00:00:00  |w 2026-02-24